| 000 | 00000nam##2200000za#4500 |
| 001 | 9.607886 |
| 003 | CaOODSP |
| 005 | 20230801131726 |
| 007 | cr ||||||||||| |
| 008 | 150406|2010||||xxc|||||o f|0| 0 fre|d |
| 040 | |aCaOODSP|bfre |
| 043 | |an-cn--- |
| 086 | 1 |aPS83-5/R231F-PDF |
| 110 | 2 |aService correctionnel Canada. |bDirection de la recherche. |
| 245 | 10|aDélinquants purgeant une peine d'emprisonnement à perpétuité ou une peine d'une durée indéterminée : |h[ressource électronique]|bprofil (2009) et évolution du profil (de 1998 à 2008) / |cPréparé par : Direction de la recherche. |
| 260 | |aOttawa - Ontario : |bService correctionnel Canada. |cDécembre 2010. |
| 300 | |a1p. |
| 490 | 1 |aRecherche en un coup d'oeil|vR-231 |
| 590 | |a14-19-Supp|b2014-11-03 |
| 775 | 08|tOffenders serving life and indeterminate sentences : |w(CaOODSP)9.581000 |
| 830 | #0|aRecherche en un coup d'œil (Service correctionnel Canada)|vR-231|w(CaOODSP)9.503037 |
| 856 | 40|ahttp://publications.gc.ca|qPDF|s196 Ko|uhttps://publications.gc.ca/collections/collection_2014/scc-csc/PS83-5-R231-fra.pdf|yR-231 |